Online
Catalog
Normal view MARC view

Entry Nombre corporativo

Number of records used in: 8

001 - NÚMERO DE CONTROL

  • campo de control: 84319

003 - IDENTIFICADOR DEL NÚMERO DE CONTROL

  • campo de control: BNPHU

005 - FECHA Y HORA DE LA ÚLTIMA TRANSACCIÓN

  • campo de control: 20240305094326.0

008 - DATOS DE LONGITUD FIJA

  • campo de control de longitud fija: 231002|| aca||aabn | a|a d

010 ## - NÚMERO DE CONTROL DE LA BIBLIOTECA DEL CONGRESO

  • Número de control de LC: n 90616314

040 ## - FUENTE DE LA CATALOGACIÓN

  • Centro catalogador/agencia de origen: DO-SdBNP
  • Lengua de catalogación: spa
  • Centro/agencia transcriptor: BNPHU
  • Normas de descripción: rda

110 2# - ENCABEZAMIENTO-NOMBRE DE ENTIDAD CORPORATIVA

  • Nombre de entidad corporativa o nombre de jurisdicción como elemento de entrada: Universidad Iberoamericana (Santo Domingo, República Dominicana)

370 ## - LUGAR ASOCIADO

  • Lugar de nacimiento: Santo Domingo , República Dominicana)

410 2# - TRAZADO DE VÉASE--NOMBRE DE ENTIDAD CORPORATIVA

  • Nombre de entidad corporativa o nombre de jurisdicción como elemento de entrada: UNIBE

670 ## - FUENTE DE DATOS ENCONTRADOS

  • Cita de la fuente: Work cat.: (DO-SdBNP)55029: García de Peña, Luis V. 12719, Manual de derecho civil :

670 ## - FUENTE DE DATOS ENCONTRADOS

  • Cita de la fuente: Revista de ciencia y cultura UNIBE, enero-abr. 1989

Powered by Koha